Bookworm adventures 6

Bibliographic Details
Other Authors: Leong, Jason
Format: Book
Published: Singapore : Bookworm Publishing , 1995
Series:Bookworm
Subjects:

MARC

LEADER 00000cam a2200000 7i4500
001 0000008324
002 000009076
005 20020304.0
020 |a 9813051701 
090 0 0 |a JF   |b BOO 
245 1 0 |a Bookworm adventures 6   |c Jason Leong ; illustrated by William Ho 
260 |a Singapore :   |b Bookworm Publishing ,   |c 1995 
300 |a 75p. :   |b ill. ;   |c 19cm. 
490 0 |a Bookworm 
650 0 0 |a Children's stories 
700 1 |a Leong, Jason 
999 |a 047169   |b BUKU   |c PINJAMAN   |e PERPUSTAKAAN KOMUNITI PETALING JAYA 
999 |a 047170   |b BUKU   |c PINJAMAN   |e PERPUSTAKAAN KOMUNITI PETALING JAYA 
999 |a 050879   |b BUKU   |c PINJAMAN   |e PERPUSTAKAAN KOMUNITI PETALING JAYA